00286nam a2200121Ia 4500008004100000082001500041100002200056245003900078250000800117260002300125300000800148650000800156191201s2009 xx 000 0 und d a658.3bSAF aSAUNDERS, Anthony 0aFinancial Markets and Institutions a6th aN.DelhibTMHc2009 a721 aMBA